| Record ID | marc_records_scriblio_net/part03.dat:58285983:898 |
| Source | Scriblio |
| Download Link | /show-records/marc_records_scriblio_net/part03.dat:58285983:898?format=raw |
LEADER: 00898cam 22002411a 4500
001 36037497
003 DLC
005 20050716162152.0
008 870306r1925uuuuenka b 000 1 eng
010 $a 36037497
035 $a(OCoLC)15276706
040 $aDLC$cNFQC$dDLC
042 $apremarc
050 00 $aAC1$b.E8 no. 579
100 1 $aYonge, Charlotte Mary,$d1823-1901.
245 14 $aThe lances of Lynwood /$cby Charlotte M. Yonge.
260 $aLondon :$bJ. M. Dent & sons, ltd. ;$aNew York :$bE. P. Dutton & co.$c1925.
300 $axv, 314 p. :$bill., plates. ;$c18 cm.
490 0 $aEveryman's library, ed. by Ernest Rhys. For young people. ;$vno. 579.
500 $aIntroduction by Lucy Crump. Illustrated by Dora Curtis.
500 $a"First published in this edition 1911. Reprinted 1925."
504 $aBibliography: p. xiv.
651 0 $aGreat Britain$xHistory$yEdward III, 1327-1377$vFiction.